Návrh trasy cesty I. triedy v extraviláne obce Jablonica

Na minha lista:
Detalhes bibliográficos
Autor principal: Kukan, Peter (Author)
Outros Autores: Bálint, Gabriel (Thesis advisor)
Formato: Manuscrito Livro
Idioma:eslovaco
Publicado em: 2020
Assuntos:
Acesso em linha:http://is.stuba.sk/zp/portal_zp.pl?podrobnosti=143989
https://opac.crzp.sk/?fn=detailBiblioForm&sid=71CC5F4445049D8B56C73F2E66E0
Tags: Adicionar Tag
Sem tags, seja o primeiro a adicionar uma tag!

MARC

LEADER 00000ntm a22000003a 4500
001 stuzp79578
003 SK-STU
005 20230519105723.6
007 ta
008 150427s2015----xo-----f-mn---000-0-slo-d
040 |a STU  |b slo 
041 0 |a slo 
100 1 |a Kukan, Peter  |u 010120  |4 aut  |U SvF Stavebná fakulta  |T SvF Katedra dopravných stavieb  |X 93182  |U V120  |Y 12  |7 93182 
242 0 1 |a Design of the I. class road in the rural area of the village Jablonica  |y eng 
245 1 0 |a Návrh trasy cesty I. triedy v extraviláne obce Jablonica 
260 |c 2020 
650 4 |a obchvat  |2 slo 
650 4 |a Jablonica  |2 slo 
650 4 |a komunikácia  |2 slo 
650 4 |a road  |2 eng 
650 4 |a communication  |2 eng 
650 4 |a Jablonica  |2 eng 
700 1 |a Bálint, Gabriel  |u 010120  |k Z1  |4 ths  |U SvF Stavebná fakulta  |T SvF Katedra dopravných stavieb  |X 60478  |U V120  |Y 12  |7 A000060478 
856 4 |u http://is.stuba.sk/zp/portal_zp.pl?podrobnosti=143989 
856 4 |u https://opac.crzp.sk/?fn=detailBiblioForm&sid=71CC5F4445049D8B56C73F2E66E0